Hodnotenie nákladov na kvalitu v podniku

Teoretické východiská systému manažérstva kvality, definovanie základných pojmov, vrátane nákladov na kvalitu. Prehľad súčasných poznatkov v hodnotení nákladov na kvalitu prostredníctvom vhodného modelovania nákladov.

Saved in:
Bibliographic Details
Main Author: Dopiráková, Daniela
Other Authors: Šefčíková, Denisa
Format: Book Chapter
Language:Slovak
Subjects:
Tags: Add Tag
No Tags, Be the first to tag this record!

MARC

LEADER 00000nla a2200000 4500
001 0240520
005 20240502073917.7
041 0 |a slo 
044 |a SK 
245 1 0 |a Hodnotenie nákladov na kvalitu v podniku  |c Daniela Dopiráková, Denisa Šefčíková 
520 |a Teoretické východiská systému manažérstva kvality, definovanie základných pojmov, vrátane nákladov na kvalitu. Prehľad súčasných poznatkov v hodnotení nákladov na kvalitu prostredníctvom vhodného modelovania nákladov. 
610 2 0 |a podnik 
610 2 0 |a kvalita 
610 2 0 |a riadenie kvality 
610 2 0 |a systémy kvality 
610 2 0 |a náklady 
610 2 0 |a náklady na kvalitu 
610 2 0 |a modelovanie 
610 2 0 |a systém riadenia nákladov 
100 1 |a Dopiráková, Daniela 
700 1 |a Šefčíková, Denisa